LIBRARY & INFORMATION CENTRE, KCAET, TAVANUR

ONLINE PUBLIC ACCESS CATALOGUE (OPAC)

Precision Farming in Horticulture (Record no. 14437)

MARC details
000 -LEADER
fixed length control field 00265nam a22001097a 4500
020 ## - INTERNATIONAL STANDARD BOOK NUMBER
ISBN 9789381450475
082 ## - DEWEY DECIMAL CLASSIFICATION NUMBER
Classification number 631.1
Item number JIT/PR
245 ## - TITLE STATEMENT
Title Precision Farming in Horticulture
260 ## - PUBLICATION, DISTRIBUTION, ETC. (IMPRINT)
Place of publication New Delhi
Name of publisher New india Publishing Agency
Year of publication 2013
300 ## - PHYSICAL DESCRIPTION
Number of Pages 366
942 ## - ADDED ENTRY ELEMENTS (KOHA)
Koha item type Books
Holdings
Withdrawn status Lost status Damaged status Collection code Home library Current library Shelving location Date acquired Source of acquisition Cost, normal purchase price Full call number Accession Number Koha item type
        KAUAET KAUAET General Stacks 01/07/2016 Kavya Book Centre, Kochi. 1910.00 631.1 JIT/PR 23917 Books
free website counter